Ч. 3; Теория войны

التفاصيل البيبلوغرافية
Parent link:Теория войны: в 3 ч./ Вом Крейг. Ч. 3.— , 2003.— 7-100-01176-0
اللغة:الصينية
منشور في: 2003
الموضوعات:
التنسيق: كتاب
KOHA link:https://koha.lib.tpu.ru/cgi-bin/koha/opac-detail.pl?biblionumber=118342

MARC

LEADER 00000nam2a2200000 4500
001 118342
005 20231101215450.0
035 |a (RuTPU)RU\TPU\book\128061 
035 |a RU\TPU\book\128060 
090 |a 118342 
100 |a 20070609d2003 km y0chiy50 ea 
101 0 |a chi 
102 |a CN 
105 |a y z 000zy 
200 0 |a Ч. 3 
210 |d 2003 
215 |a 352 с. 
461 1 |0 (RuTPU)RU\TPU\book\128433  |y 7-100-01176-0  |t Теория войны  |o в 3 ч.  |f Вом Крейг  |v Ч. 3  |d 2003  |s Известные произведения по искусствоведению в переводе на китайский язык 
606 1 |a Война  |x Учение о войне и армии  |2 stltpush  |3 (RuTPU)RU\TPU\subj\3487  |9 31905 
610 1 |a военное искусство 
610 1 |a война 
610 1 |a военное дело 
610 1 |a стратегия 
610 1 |a тактика 
686 |a Ц01  |2 rubbk 
801 1 |a RU  |b 63413507  |c 20070609  |g PSBO 
801 2 |a RU  |b 63413507  |c 20220602  |g PSBO 
942 |c BK